| 000 | 00366cam a2200133ua 4500 | ||
|---|---|---|---|
| 020 | _a9780071216883 | ||
| 082 |
_a621.4021 _bCEN/TH |
||
| 100 | _aCengel, Yunus A. | ||
| 245 | _aThermodynamics: an engineering approach / | ||
| 260 |
_aNew Delhi : _bTata Mc-Graw Hill Publishing Company , _c2006. |
||
| 300 |
_a ; _e`. |
||
| 700 | 1 | _aBoles, Michael A . | |
| 942 | _cBK | ||
| 999 |
_c13017 _d13017 |
||